Sources of constitutional law : (Record no. 1541)
[ view plain ]
| 000 -LEADER | |
|---|---|
| fixed length control field | 01306cam a2200337 a 4500 |
| 001 - CONTROL NUMBER | |
| control field | data |
| 005 - DATE AND TIME OF LATEST TRANSACTION | |
| control field | 20260322212105.0 |
| 008 - FIXED-LENGTH DATA ELEMENTS--GENERAL INFORMATION | |
| fixed length control field | data |
| 035 ## - SYSTEM CONTROL NUMBER | |
| System control number | 18553834 |
| 010 ## - LIBRARY OF CONGRESS CONTROL NUMBER | |
| LC control number | 2015372220 |
| 020 ## - INTERNATIONAL STANDARD BOOK NUMBER | |
| International Standard Book Number | 9781780682679 |
| Qualifying information | pbk |
| 020 ## - INTERNATIONAL STANDARD BOOK NUMBER | |
| International Standard Book Number | 1780682670 |
| Qualifying information | pbk |
| 035 ## - SYSTEM CONTROL NUMBER | |
| System control number | (OCoLC)893408163 |
| 040 ## - CATALOGING SOURCE | |
| Original cataloging agency | ERASA |
| Language of cataloging | eng |
| Transcribing agency | ERASA |
| Modifying agency | DLC |
| -- | QGK |
| -- | YDXCP |
| -- | CDX |
| -- | UAB |
| -- | OCLCF |
| -- | DLC |
| 042 ## - AUTHENTICATION CODE | |
| Authentication code | lccopycat |
| 050 00 - LIBRARY OF CONGRESS CALL NUMBER | |
| Classification number | K3165 |
| Item number | .S6625 2014 |
| 082 04 - DEWEY DECIMAL CLASSIFICATION NUMBER | |
| Classification number | 342 |
| Edition information | 23 |
| 245 00 - TITLE STATEMENT | |
| Title | Sources of constitutional law : |
| Remainder of title | constitutions and fundamental legislative provisions from the United States, France, Germany, the Netherlands and the United Kingdom, including the ECHR and EU Charter of Fundamental Rights / |
| Statement of responsibility, etc. | editors, Sascha Hardt, Aalt Willem Heringa. |
| 260 ## - PUBLICATION, DISTRIBUTION, ETC. | |
| Place of publication, distribution, etc. | Cambridge, United Kingdom : |
| Name of publisher, distributor, etc. | Intersentia, |
| Date of publication, distribution, etc. | [2014] |
| 300 ## - PHYSICAL DESCRIPTION | |
| Extent | viii, 232 pages ; |
| Dimensions | 24 cm |
| 336 ## - CONTENT TYPE | |
| Content type term | text |
| Content type code | txt |
| Source | rdacontent |
| 337 ## - MEDIA TYPE | |
| Media type term | unmediated |
| Media type code | n |
| Source | rdamedia |
| 338 ## - CARRIER TYPE | |
| Carrier type term | volume |
| Carrier type code | nc |
| Source | rdacarrier |
| 650 #0 - SUBJECT ADDED ENTRY--TOPICAL TERM | |
| Topical term or geographic name entry element | Constitutional law. |
| 650 #7 - SUBJECT ADDED ENTRY--TOPICAL TERM | |
| Topical term or geographic name entry element | Constitutional law. |
| Source of heading or term | fast |
| Authority record control number or standard number | (OCoLC)fst00875797 |
| 700 1# - ADDED ENTRY--PERSONAL NAME | |
| Personal name | Hardt, Sascha, |
| Relator term | editor. |
| 700 1# - ADDED ENTRY--PERSONAL NAME | |
| Personal name | Heringa, A. W., |
| Relator term | editor. |
| 906 ## - LOCAL DATA ELEMENT F, LDF (RLIN) | |
| a | 7 |
| b | cbc |
| c | copycat |
| d | 2 |
| e | ncip |
| f | 20 |
| g | y-gencatlg |
| 925 0# - | |
| -- | acquire |
| -- | 2 shelf copies |
| -- | gfh 2015-03-31 |
| Withdrawn status | Lost status | Damaged status | Not for loan | Home library | Current library | Shelving location | Date acquired | Total checkouts | Full call number | Barcode | Date last seen | Price effective from | Koha item type |
|---|---|---|---|---|---|---|---|---|---|---|---|---|---|
| Liberty | Liberty | General stacks | 22/03/2026 | 342 | LOC-LPL-00004 | 22/03/2026 | 22/03/2026 | Books |